Bhāratīya sāhityaśāstra. (Record no. 81668)

MARC details
000 -LEADER
fixed length control field 00777cam a22002651 4500
001 - CONTROL NUMBER
control field sa 68007154
003 - CONTROL NUMBER IDENTIFIER
control field DLC
005 - DATE AND TIME OF LATEST TRANSACTION
control field 20260227112520.0
008 - FIXED-LENGTH DATA ELEMENTS--GENERAL INFORMATION
fixed length control field 900205m19679999ii b 000 0 hino
010 ## - LIBRARY OF CONGRESS CONTROL NUMBER
LC control number sa 68007154
035 ## - SYSTEM CONTROL NUMBER
System control number (OCoLC)21004901
040 ## - CATALOGING SOURCE
Original cataloging agency DLC
Transcribing agency WaU
Modifying agency OCoLC
-- DLC
041 0# - LANGUAGE CODE
Language code of text/sound track or separate title hinsan
042 ## - AUTHENTICATION CODE
Authentication code premarc
043 ## - GEOGRAPHIC AREA CODE
Geographic area code a-ii---
050 00 - LIBRARY OF CONGRESS CALL NUMBER
Classification number PK2031
Item number .U62
100 1# - MAIN ENTRY--PERSONAL NAME
Personal name Upadhyaya, Baldeva,
Dates associated with a name 1899-1999.
245 10 - TITLE STATEMENT
Title Bhāratīya sāhityaśāstra.
260 ## - PUBLICATION, DISTRIBUTION, ETC.
Date of publication, distribution, etc. [1967 or 8- ]
300 ## - PHYSICAL DESCRIPTION
Extent v.
Dimensions 23 cm.
500 ## - GENERAL NOTE
General note Hindi or Sanskrit; introductory matter and commentary in Hindi.
500 ## - GENERAL NOTE
General note List of the author's works: v. 2 p. [3] (1st group)
504 ## - BIBLIOGRAPHY, ETC. NOTE
Bibliography, etc. note Bibliographical footnotes.
650 #0 - SUBJECT ADDED ENTRY--TOPICAL TERM
Topical term or geographic name entry element Hindi literature
General subdivision History and criticism.

No items available.

Powered by Koha